جو ش ملیح آ با د ی ا یک مطا لعہ/ (Record no. 57096)
[ view plain ]
| 000 -LEADER | |
|---|---|
| fixed length control field | 00839nam a22002417a 4500 |
| 005 - DATE AND TIME OF LATEST TRANSACTION | |
| control field | 20100826122442.0 |
| 008 - FIXED-LENGTH DATA ELEMENTS--GENERAL INFORMATION | |
| fixed length control field | 090109t xxu||||| |||| 00| 0urd d |
| 010 ## - LCCN (DPL NO) | |
| LC control number | UR-7906 |
| 020 ## - INTERNATIONAL STANDARD BOOK NUMBER | |
| Terms of availability | 200.00 |
| International Standard Book Number | 9788182237438 |
| 035 ## - SYSTEM CONTROL NUMBER | |
| System control number | U-6461 |
| 037 ## - SOURCE OF ACQUISITION | |
| Source of stock number/acquisition | DBAD/PUB |
| 040 ## - CATALOGING SOURCE | |
| Original cataloging agency | DPL |
| Language of cataloging | urd |
| 082 ## - DEWEY DECIMAL CLASSIFICATION NUMBER | |
| Classification number | 840 |
| 100 ## - MAIN ENTRY--PERSONAL NAME | |
| 9 (RLIN) | 12785 |
| Personal name | عز یز |
| 245 ## - TITLE STATEMENT | |
| Title | جو ش ملیح آ با د ی ا یک مطا لعہ/ |
| Remainder of title | |
| Statement of responsibility, etc | محمد مظہر حسین |
| 246 ## - VARYING FORM OF TITLE | |
| Title proper/short title | Josh Malih Abadi Ek Motala |
| Remainder of title | by Md. Mazhar Hussain |
| 260 ## - PUBLICATION, DISTRIBUTION, ETC. (IMPRINT) | |
| Place of publication, distribution, etc | دہلی |
| Date of publication, distribution, etc | 2010 |
| Name of publisher, distributor, etc | ایجوکیشنل پبلشنگ ہاؤس |
| 270 ## - ADDRESS | |
| Address | 3108,Vakil Street, Kucha Pandit,Lal Kuan |
| City | Delhi |
| Postal code | 110006 |
| Electronic mail address | www.ephbooks.com |
| Telephone number | 011-23216162 |
| Fax number | 0091-11-23211540 |
| 300 ## - PHYSICAL DESCRIPTION | |
| Extent | 140ص |
| Dimensions | 22 س م (Hb) |
| Other physical details | |
| 650 ## - SUBJECT ADDED ENTRY--TOPICAL TERM | |
| 9 (RLIN) | 12786 |
| 700 ## - ADDED ENTRY--PERSONAL NAME | |
| 9 (RLIN) | 34961 |
| 942 ## - ADDED ENTRY ELEMENTS (KOHA) | |
| Source of classification or shelving scheme | Dewey Decimal Classification |
| Item type | Urdu Bks |
| Classification part | 841.08 |
| Call number suffix | م ح م |
No items available.
